000 01302nam0a22002651 4500
001 v19\rc\2098623
005 20151029113000.0
035 _a(NLR Aleph) 005175141
090 _a5096531
_c5096531
100 _a20081218d1916 |||y0rusy50 ca
101 0 _arus
102 _aRU
105 _ay z |||h|
200 1 _aРечь высокопреосвященнейшего Арсения, архиепископа Новгородского, при встрече ее императорского величества государыни императрицы Александры Феодоровны... в Новгородском Софийском соборе 11 декабря 1916 года
210 _a[Петроград]
_dценз. 1916
215 _a2 с.
700 0 _6z01790
_aАрсений
_cСтадницкий, Авксентий Георгиевич
_cмитрополит Ташкентский и Туркестанский
_f1862-1936
_3RU\NLR\AUTH\779445
702 0 _aАлександра Федоровна
_cимп.
_4570
790 1 _6z01700
_aСтадницкий
_bА. Г.
_f1862-1936
_gАвксентий Георгиевич
801 0 _aRU
_bNLR
_gpsbo
801 1 _aRU
_bProSoft-M
_2rusmarc
852 _aNLR
_j34.104.3.287
942 _cBOOK
980 _aNB